| 000 | 01218nam a2200313 a 4500 | ||
|---|---|---|---|
| 005 | 20091211153339.0 | ||
| 008 | 050113s2005 nyua b 000 1 eng | ||
| 020 |
_a0375829520 _c100.00 |
||
| 020 |
_a0375929525 _c100.00 |
||
| 037 | _bBlueberry Books | ||
| 040 |
_adpl _bEnglish |
||
| 082 | _aS | ||
| 100 |
_aGreenburg, J. C. _q(Judith C.) |
||
| 245 |
_aIn the Ice Age / _cby J.C. Greenburg ; illustrated by Jan Gerardi |
||
| 260 |
_aNew York _bRandom House _c2005 |
||
| 300 |
_a85 p. : _bill. _c20 cm(pbk) |
||
| 490 |
_aAndrew lost ; _v12 |
||
| 500 | _a"A Stepping Stone book." | ||
| 520 | _aStill trying to stop the evil Dr. Kron-Tox, Andrew, his cousin Judy, Thudd the robot, and Beeper find Uncle Al in the Ice Age, where they encounter prehistoric animals, birds, and people. | ||
| 650 |
_aTime travel _vFiction. |
||
| 650 |
_aGlacial epoch _vFiction. |
||
| 650 |
_aPrehistoric animals _vFiction. |
||
| 650 |
_aPrehistoric peoples _vFiction. |
||
| 650 |
_aCousins _vFiction. |
||
| 700 | _aGerardi, Jan | ||
| 942 |
_2ddc _cCH _hS _mGRE |
||
| 999 |
_c32578 _d32578 |
||